Rehabilitación de la Planta Hidroeléctrica Santa Teresita
Guardado en:
| 主要作者: | |
|---|---|
| 格式: | 圖書 |
| 出版: |
San José, Costa Rica
1993
|
| 主題: | |
| 標簽: |
添加標簽
沒有標簽, 成為第一個標記此記錄!
|
MARC
| LEADER | 00000nam a2200000Ia 4500 | ||
|---|---|---|---|
| 003 | 005582 | ||
| 005 | 20221231144318.0 | ||
| 008 | 140114s1993 cr a m 000 ||s d | ||
| 040 | |c cru CEDI | ||
| 090 | |a TFG 2689 | ||
| 100 | |a Bolaños Ramírez, Rodolfo |9 12191 | ||
| 245 | |a Rehabilitación de la Planta Hidroeléctrica Santa Teresita | ||
| 260 | |c 1993 |a San José, Costa Rica | ||
| 300 | |a xi, 79 hojas : ilustraciones ; 27 cm | ||
| 500 | |a Proyecto de graduacion (bachillerato en ingenieria electrica)--Universidad de Costa Rica. Facultad de Ingenieria. Escuela de Ingenieria Electrica | ||
| 650 | |x PLANTA HIDROELECTRICA SANTA TERESITA |x CENTRALES ELECTRICAS |9 12192 | ||
| 942 | |c TFG |2 ddc | ||
| 999 | |c 19984 |d 19984 | ||
